Из опыта изучения надежности машин. Вып. 2 (Запись № 5253423)

Подробности
000 -МАРКЕР
контрольное поле 01373nam2a22002411 4500
001 - ИДЕНТИФИКАТОР ЗАПИСИ
контрольное поле rc\2140879
005 - ИДЕНТИФИКАТОР ВЕРСИИ
контрольное поле 20250623092432.0
035 ## - ДРУГИЕ СИСТЕМНЫЕ НОМЕРА
Идентификатор записи (NLR Aleph) 006701955
100 ## - ДАННЫЕ ОБЩЕЙ ОБРАБОТКИ
Данные общей обработки 20110829d1978 |||y0rusy50 ca
101 0# - ЯЗЫК РЕСУРСА
Язык текста, звукозаписи и т.д. русский
102 ## - СТРАНА ПУБЛИКАЦИИ ИЛИ ПРОИЗВОДСТВА
Страна публикации Российская Федерация
105 ## - ПОЛЕ КОДИРОВАННЫХ ДАННЫХ: ТЕКСТОВЫЕ МАТЕРИАЛЫ, МОНОГРАФИЧЕСКИЕ
Кодированные данные о монографическом текстовом документе y z |||||
200 0# - ЗАГЛАВИЕ И СВЕДЕНИЯ ОБ ОТВЕТСТВЕННОСТИ
Основное заглавие Вып. 2
Первые сведения об ответственности Р.В. Кугель, д.т.н., проф.
210 ## - ПУБЛИКАЦИЯ, РАСПРОСТРАНЕНИЕ И ДР.
Дата издания, распространения и т.д. 1978
Место издания, распространения и т.д. Б. м.
215 ## - ФИЗИЧЕСКАЯ ХАРАКТЕРИСТИКА
Специфическое обозначение материала и объем 62 с.
Другие сведения о физической характеристике граф.
320 ## - ПРИМЕЧАНИЯ О НАЛИЧИИ В ДОКУМЕНТЕ БИБЛИОГРАФИИ / УКАЗАТЕЛЯ
Текст примечания Список лит.: с. 60-61 (25 назв.)
461 #0 - УРОВЕНЬ НАБОРА
Встроенное поле 001rc\2140877
-- 2001#$aИз опыта изучения надежности машин$e(Материалы лекций, прочит. в Политехн. музее на семинаре по надежности и прогрессив. методам контроля качества продукции)$vВып. 2
-- 700#1$aКугель$bР.В.$gРафаил Викторович
Системный номер (АБИС) связанной записи 5253406
Автор Кугель, Р.В.
Место публикации Москва
Дата публикации 1978-
Имя издателя, распространителя и т.д. Знание
Сведения, относящиеся к заглавию (Материалы лекций, прочит. в Политехн. музее на семинаре по надежности и прогрессив. методам контроля качества продукции)
Заглавие Из опыта изучения надежности машин
Номер тома Вып. 2
801 #0 - ИСТОЧНИК ЗАПИСИ
Страна Российская Федерация
Организация NLR
Правила каталогизации psbo
801 #1 - ИСТОЧНИК ЗАПИСИ
Страна Российская Федерация
Организация ELAR
Источник данных rusmarc
852 ## - МЕСТОНАХОЖДЕНИЕ И ШИФР ХРАНЕНИЯ
Идентификатор организации NLR
Шифр хранения (Call Number) 78-4/14854
942 ## - ДОПОЛНИТЕЛЬНЫЕ ЭЛЕМЕНТЫ ЗАПИСИ (АБИС)
Тип экземпляра АБИС Книга
980 ## - КОЛЛЕКЦИЯ
Название коллекции Национальная библиография
Экземпляры
Тип экземпляра Дата поступления Библиотека постоянного хранения Библиотека текущего хранения Место хранения Шифр хранения Штрих-код Статус экземпляра
Книга 26.10.2013 РНБ (Московский) РНБ (Московский) Русский книжный фонд: издания с 1957 года 78-4/14854 6701955-10